000 00457nam a22001817a 4500
003 MPLRDC
005 20220104153334.0
008 210129b ||||| |||| 00| 0 eng d
082 _a782.25 WXM
100 _a黄修明、张力 著
245 _a中国十大名士
_c
250 _a再版
260 _a
_b延边大学出版社
_c1992
300 _b
490 _a中国文化名人评传丛书
650 _a中国传记
942 _cBK
_o782.25 WXM
999 _c53390
_d53380